| 000 | 00750nam a2200205 i 4500 | ||
|---|---|---|---|
| 001 | 183126 | ||
| 003 | ES-MaACL | ||
| 005 | 20230906221814.0 | ||
| 008 | 140121s1921 fr |||| | fre d | ||
| 100 | 1 |
_aArgence, Théo. _9154243 |
|
| 245 | 1 | 3 |
_aLe contrôle ouvrier et les Comités d'ateliers / _cTh. Argence et A. Herclet. |
| 260 |
_aParis : _bÉditions de la Bibliothèque du Travail, _c1921. |
||
| 300 |
_a44 p. ; _c19 cm. |
||
| 490 | 1 |
_aLes Cahiers du travail ; _v1re série, 10 e cahier, 15 juillet 1921 |
|
| 650 | 0 | 4 |
_aSindicalismo- _zFrancia. _917113 |
| 700 | 1 |
_aHerclet, Auguste. _9154244 |
|
| 830 | 0 |
_aLes Cahiers du travail ; _v1re série, 10 e cahier, 15 juillet 1921 _9191855 |
|
| 852 |
_aES-MaACL _j1625-F-17 |
||
| 999 |
_c183126 _d183126 |
||